| 000 | 00964nam a2200265 i 4500 | ||
|---|---|---|---|
| 001 | 15502 | ||
| 003 | ES-MaACL | ||
| 005 | 20251121165506.0 | ||
| 007 | t| | ||
| 008 | 000327s1985 mx ||||1| spa d | ||
| 020 | _a968-452-096-4 | ||
| 080 | _a929 Cortés, Hernán | ||
| 080 | _a972"1517/21" | ||
| 100 | 1 |
_aEsquivel Obregón, Toribio. _947978 |
|
| 245 | 1 | 0 |
_aHernán Cortés y el derecho internacional en el siglo XVI / _cToribio Esquivel Obregón. Hernán Cortés ante la justificación de su conquista / Silvio Zavala. |
| 250 | _a2ª ed. | ||
| 260 |
_aMéxico : _bPorrúa, _c1985. |
||
| 300 |
_a156 p. ; _c21 cm. |
||
| 600 | 1 | 4 |
_aCortés, Hernán, _d1485-1547 _940853 |
| 651 | 4 |
_aMéxico- _xHistoria- _y1517-1521, Descubrimiento y conquista. _9136484 |
|
| 700 | 1 |
_aZavala, Silvio, _d1909-2014 _9118108 |
|
| 740 | 0 | _aHernán Cortés ante la justificación de su conquista. | |
| 852 |
_aES-MaACL _jG-2128 _bR.111490 |
||
| 999 |
_c15502 _d15502 |
||